000
00289nam a2200121Ia 4500
008
190216s9999||||xx |||||||||||||| ||und||
100
_a
Pammal
245
0
_a
Malayalam-Pamman Purana Kadapathrangal
260
_b
Poorna Pubs Kozhikode
300
_a
505
650
_a
Malayalam
942
_c
BK
999
_c
27609
_d
27609